[Event "SR 4. liga A21 2014/2015"]
[Site "?"]
[Date "2014.11.09"]
[Round "3.6"]
[White "Cerovsky, Marian"]
[Black "Slaby, Jozef"]
[Result "0-1"]
[WhiteElo "1847"]
[BlackElo "1879"]
[PlyCount "96"]
[EventDate "2014.??.??"]

1. e4 Nf6 2. Nc3 d5 3. exd5 Nxd5 4. Nxd5 Qxd5 5. Qf3 Qe5+ 6. Ne2 Nc6 7. c3 h5
8. d4 Qf6 9. Qxf6 gxf6 10. f4 h4 11. h3 Bf5 12. Be3 O-O-O 13. O-O-O Be4 14. Rg1
e5 15. g4 Bf3 16. dxe5 Rxd1+ 17. Kxd1 fxe5 18. fxe5 Nxe5 19. Bg2 Bxg2 20. Rxg2
Nc4 21. Bc1 Bc5 22. Ke1 Ne5 23. Nf4 Re8 24. Kd1 Nf3 25. Re2 Rd8+ 26. Kc2 Bd6
27. Nd3 Bg3 28. Re7 f6 29. Nc5 b6 30. Ne4 Ne1+ 31. Kb3 Nd3 32. Be3 Be5 33. Rh7
Rd5 34. c4 Rd7 35. Rh8+ Kb7 36. Nc3 f5 37. Rf8 f4 38. Bg1 Ne1 39. Re8 Nf3 40.
Bf2 Bf6 41. Nd5 Be5 42. Rh8 Nd2+ 43. Kc2 Nxc4 44. Bxh4 Rxd5 45. Be1 Ne3+ 46.
Kb3 Rb5+ 47. Ka4 Rxb2 48. a3 b5+ 0-1

[Event "SR 4. liga A21 2014/2015"]
[Site "?"]
[Date "2014.11.09"]
[Round "3.6"]
[White "Bardik, Jozef"]
[Black "Damborsky, Pavol"]
[Result "1-0"]
[WhiteElo "1928"]
[BlackElo "1772"]
[PlyCount "49"]
[EventDate "2014.??.??"]

1. d4 d5 2. c4 dxc4 3. Nc3 c6 4. a4 Nf6 5. e4 Bg4 6. f3 Be6 7. Nge2 Na6 8. Nf4
Nc7 9. Nxe6 Nxe6 10. d5 cxd5 11. exd5 Nc5 12. Bxc4 Qc7 13. Qe2 O-O-O 14. O-O a6
15. b4 Ncd7 16. Be3 Kb8 17. Rfc1 Rc8 18. Ba2 Qd6 19. b5 a5 20. Bf2 Ka8 21. Ne4
Rxc1+ 22. Rxc1 Nxe4 23. Rc8+ Nb8 24. fxe4 Qd7 25. Qe3 1-0

[Event "SR 4. liga A21 2014/2015"]
[Site "?"]
[Date "2014.11.09"]
[Round "3.6"]
[White "Dubecky, Ladislav"]
[Black "Sedlak, Rastislav"]
[Result "1-0"]
[WhiteElo "1620"]
[BlackElo "1754"]
[PlyCount "87"]
[EventDate "2014.??.??"]

1. e4 e5 2. f4 Bc5 3. Nf3 d6 4. Bc4 Nc6 5. Kf1 Nf6 6. Nc3 Bg4 7. h3 Bxf3 8.
Qxf3 Nd4 9. Qd1 O-O 10. f5 a6 11. a3 b5 12. Ba2 b4 13. axb4 Bxb4 14. d3 c6 15.
Bg5 h6 16. Bh4 Qb6 17. Bxf6 gxf6 18. Na4 Qb5 19. c3 Bc5 20. Bc4 Qb7 21. Nxc5
dxc5 22. cxd4 cxd4 23. b3 a5 24. Qd2 Kh7 25. Rxa5 Rxa5 26. Qxa5 Ra8 27. Qe1 Ra2
28. Kg1 Qa7 29. Kh2 Rc2 30. Qd1 Rf2 31. Rf1 Qa2 32. Rxf2 Qxf2 33. Qg4 Qe3 34.
Bxf7 Qg5 35. b4 Kg7 36. Qxg5+ hxg5 37. Be8 Kf8 38. Bxc6 Ke7 39. Bd5 Kd6 40. Kg3
Kc7 41. Kg4 Kd6 42. Kh5 Kd7 43. Kg6 Ke7 44. Bc4 1-0

[Event "SR 4. liga A21 2014/2015"]
[Site "?"]
[Date "2014.11.09"]
[Round "3.6"]
[White "Slaba, Andrea"]
[Black "Pisecky, Jan"]
[Result "0-1"]
[WhiteElo "1467"]
[BlackElo "1481"]
[PlyCount "94"]
[EventDate "2014.??.??"]

1. c4 e6 2. d4 c6 3. Nc3 d5 4. e3 Nf6 5. Nf3 Bb4 6. Bd2 Nbd7 7. Be2 Bxc3 8.
Bxc3 Ne4 9. O-O g6 10. cxd5 exd5 11. Ne5 Nxc3 12. bxc3 Nxe5 13. dxe5 Qg5 14. f4
Qe7 15. Qd3 Bf5 16. Qd4 O-O 17. Qb4 c5 18. Qb2 c4 19. Qd2 Be4 20. Bf3 Rfd8 21.
Rad1 f5 22. Bxe4 dxe4 23. Qb2 Rd3 24. Rfe1 Rad8 25. Rb1 b6 26. a3 Qc5 27. Qb4
Qxb4 28. Rxb4 Rxc3 29. a4 Rd2 30. g3 Rcc2 31. Reb1 Rg2+ 32. Kh1 Rxh2+ 33. Kg1
Rhg2+ 34. Kf1 Rxg3 35. a5 Rf3+ 36. Kg1 Rxe3 37. axb6 axb6 38. Rxb6 Rb3 39.
R6xb3 cxb3 40. Rxb3 Rc6 41. Rb8+ Kg7 42. Rb7+ Kh6 43. Rd7 Re6 44. Rd6 Re7 45.
Kf2 Kh5 46. Ke3 Kg4 47. e6 h5 0-1

[Event "SR 4. liga A21 2014/2015"]
[Site "?"]
[Date "2014.11.23"]
[Round "4.1"]
[White "Nemeckay, Rastislav"]
[Black "Kovarik, Oto"]
[Result "1-0"]
[WhiteElo "1985"]
[BlackElo "1926"]
[PlyCount "49"]
[EventDate "2014.??.??"]

1. e4 c5 2. Nf3 e6 3. d4 cxd4 4. Nxd4 Nc6 5. Nxc6 bxc6 6. c4 Nf6 7. Bd3 Qc7 8.
O-O Be7 9. Nc3 O-O 10. Qe2 e5 11. Be3 d6 12. f3 Be6 13. Rfd1 Rfd8 14. Rac1 Qb7
15. Bf2 Nd7 16. b3 g6 17. Bb1 Rf8 18. Qe1 Rad8 19. Rd2 f5 20. exf5 gxf5 21. Bh4
Nf6 22. Rcd1 Ne8 23. Kh1 Bxh4 24. Qxh4 Qg7 25. Qxd8 1-0

[Event "SR 4. liga A21 2014/2015"]
[Site "?"]
[Date "2014.11.23"]
[Round "4.1"]
[White "Cerovsky, Marian"]
[Black "Pipiska, Adam"]
[Result "1-0"]
[WhiteElo "1847"]
[BlackElo "1772"]
[PlyCount "71"]
[EventDate "2014.??.??"]

1. e4 e5 2. Nc3 Nc6 3. Nf3 Nf6 4. a3 Bc5 5. h3 d6 6. Bc4 Be6 7. Bxe6 fxe6 8. d3
Qe7 9. Na4 O-O-O 10. Nxc5 dxc5 11. Bg5 h6 12. Bxf6 gxf6 13. Qe2 Nd4 14. Nxd4
cxd4 15. g4 Rd6 16. Qd2 Rb6 17. b3 h5 18. Ke2 hxg4 19. hxg4 Rxh1 20. Rxh1 Qxa3
21. Rh8+ Kd7 22. Rh7+ Kd6 23. Qh6 Qb2 24. Qf8+ Kc6 25. Qe8+ Kc5 26. Rxc7+ Rc6
27. Qe7+ Kb5 28. Rxb7+ Ka6 29. Rxa7+ Kb5 30. Qb7+ Kc5 31. Ra5+ Kd6 32. Qb4+ Kd7
33. Ra7+ Rc7 34. Qb5+ Kd6 35. Qb6+ Rc6 36. Qb4+ 1-0

[Event "SR 4. liga A21 2014/2015"]
[Site "?"]
[Date "2014.11.23"]
[Round "4.1"]
[White "Sobek, Michal"]
[Black "Damborsky, Pavol"]
[Result "1/2-1/2"]
[WhiteElo "1684"]
[BlackElo "1772"]
[PlyCount "86"]
[EventDate "2014.??.??"]

1. e4 e5 2. Nf3 d6 3. d4 exd4 4. Qxd4 Nc6 5. Bb5 Bd7 6. Bxc6 Bxc6 7. Bg5 f6 8.
Bf4 Ne7 9. Nc3 Ng6 10. Bg3 Be7 11. O-O-O Ne5 12. Nxe5 dxe5 13. Qe3 Bd6 14. f4
Qe7 15. Nd5 Bxd5 16. Rxd5 c6 17. Rd3 O-O 18. f5 Bc5 19. Qf3 Qf7 20. Kb1 Rfd8
21. Rhd1 Rxd3 22. Qxd3 Qe7 23. Qd7 Kf8 24. c3 Bb6 25. Qxe7+ Kxe7 26. Kc2 Rd8
27. Rxd8 Bxd8 28. Bf2 b6 29. a4 Kd6 30. Kd3 a6 31. b4 g6 32. g4 b5 33. a5 Kd7
34. h4 g5 35. hxg5 fxg5 36. Bc5 Be7 37. Be3 Bf6 38. Ke2 Be7 39. Kf3 Bf6 40. Ke2
Be7 41. Kd3 Bf6 42. c4 Be7 43. c5 Bf6 1/2-1/2

[Event "SR 4. liga A21 2014/2015"]
[Site "?"]
[Date "2014.11.23"]
[Round "4.1"]
[White "Dubecky, Ladislav"]
[Black "Klimes, Karel"]
[Result "0-1"]
[WhiteElo "1620"]
[BlackElo "1688"]
[PlyCount "90"]
[EventDate "2014.??.??"]

1. e4 e5 2. f4 d6 3. Nf3 Nc6 4. Bc4 Bg4 5. O-O Be7 6. Bxf7+ Kxf7 7. Ng5+ Bxg5
8. fxg5+ Ke8 9. Qxg4 Nd4 10. Na3 Ne7 11. c3 Ndc6 12. d3 Rf8 13. Be3 Ng6 14.
Rxf8+ Kxf8 15. Qe6 Nce7 16. Rf1+ Ke8 17. Qf7+ Kd7 18. Qxg7 Kc6 19. Qxh7 Qd7 20.
Qf7 Qg4 21. Qc4+ Kd7 22. Nb5 c6 23. h3 Qe2 24. Bf2 cxb5 25. Qxb5+ Kc7 26. h4
Rh8 27. g3 Qg4 28. Qa5+ Kd7 29. Kh2 Qe2 30. Qb5+ Kc7 31. Kg1 Qg4 32. Qa5+ Kd7
33. Kh2 Qe2 34. Qa4+ Kc7 35. Qd1 Qxb2 36. Kg1 Qxa2 37. h5 Nf8 38. c4 b6 39. Be3
Qa6 40. Rf7 Kd8 41. g6 Nfxg6 42. hxg6 Nxg6 43. Qg4 Qa1+ 44. Kg2 Qh1+ 45. Kf2
Rh2# 0-1

[Event "SR 4. liga A21 2014/2015"]
[Site "?"]
[Date "2014.11.23"]
[Round "4.1"]
[White "Wallner, Juraj"]
[Black "Pisecky, Jan"]
[Result "1-0"]
[WhiteElo "1606"]
[BlackElo "1481"]
[PlyCount "75"]
[EventDate "2014.??.??"]

1. e4 e5 2. Nf3 d6 3. d4 exd4 4. Nxd4 Nf6 5. Nc3 Be7 6. Be2 Bd7 7. Be3 Nc6 8.
Qd2 Ne5 9. h3 a6 10. f4 Nc6 11. g4 Nxd4 12. Bxd4 Bc6 13. Bd3 O-O 14. O-O-O b5
15. Qe3 b4 16. Ne2 Bb5 17. Bxf6 Bxf6 18. g5 Be7 19. Ng3 c5 20. Nf5 g6 21. Nh6+
Kg7 22. h4 f6 23. Kb1 c4 24. Be2 Rc8 25. Ng4 c3 26. b3 Qa5 27. Bd3 Qa3 28. Qc1
Qa5 29. f5 fxg5 30. hxg5 Bxd3 31. f6+ Kh8 32. fxe7 Bxe4 33. exf8=Q+ Rxf8 34.
Qe3 Bxc2+ 35. Kxc2 Qf5+ 36. Kc1 Qxg4 37. Qd4+ Kg8 38. Qxg4 1-0

[Event "SR 4. liga A21 2014/2015"]
[Site "?"]
[Date "2014.11.23"]
[Round "4.2"]
[White "Skapikova, Lubica"]
[Black "Curidlo, Jan"]
[Result "0-1"]
[WhiteElo "1862"]
[BlackElo "1889"]
[PlyCount "96"]
[EventDate "2014.??.??"]

1. e4 c5 2. Nf3 d6 3. d4 cxd4 4. Nxd4 Nf6 5. Nc3 a6 6. h3 e6 7. g4 Qc7 8. Bg2
Nc6 9. Be3 Ne5 10. f4 Nc4 11. Bc1 e5 12. Nb3 exf4 13. g5 Nd7 14. Nd5 Qd8 15.
Bxf4 Be7 16. h4 Nde5 17. Qd4 Bg4 18. O-O O-O 19. Bxe5 Nxe5 20. Nd2 Rc8 21. c3
Rc6 22. Ne3 Be6 23. Nf5 f6 24. Nxe7+ Qxe7 25. gxf6 Rxf6 26. Rxf6 Qxf6 27. Qf2
Qxf2+ 28. Kxf2 Nd3+ 29. Ke2 Nxb2 30. Rb1 Rb6 31. a3 Kf8 32. Rf1+ Ke7 33. Rc1
Nc4 34. Nxc4 Bxc4+ 35. Ke3 Rb2 36. Bf3 Kf6 37. Kd4 b5 38. Bd1 h6 39. Bc2 g5 40.
hxg5+ hxg5 41. a4 g4 42. axb5 axb5 43. Bb1 Kg5 44. Ke3 Re2+ 45. Kd4 g3 46. Rh1
Kf4 47. Rf1+ Rf2 48. Rd1 g2 0-1

[Event "SR 4. liga A21 2014/2015"]
[Site "?"]
[Date "2014.11.23"]
[Round "4.2"]
[White "Slaby, Jozef"]
[Black "Sadlon, Juraj"]
[Result "1/2-1/2"]
[WhiteElo "1879"]
[BlackElo "1820"]
[PlyCount "114"]
[EventDate "2014.??.??"]

1. c4 Nf6 2. Nc3 c5 3. g3 Nc6 4. Bg2 d6 5. e3 Bd7 6. Nge2 e6 7. O-O Be7 8. d4
O-O 9. b3 a6 10. Bb2 Rb8 11. d5 exd5 12. cxd5 Ne5 13. Nf4 Bg4 14. f3 Bf5 15. g4
Bg6 16. Nce2 Nfd7 17. h3 Bf6 18. Qd2 c4 19. Nxg6 Nxg6 20. Bxf6 Qxf6 21. bxc4 b5
22. cxb5 Rxb5 23. Nc3 Rc5 24. Ne4 Qe5 25. Nxc5 Nxc5 26. f4 Qf6 27. Rab1 Nh4 28.
Qd4 Qg6 29. f5 Qg5 30. Qf4 Qe7 31. Qd4 Nxg2 32. Kxg2 Re8 33. f6 gxf6 34. Rxf6
Qxe3 35. Qxe3 Rxe3 36. Rxd6 Re2+ 37. Kf3 Rxa2 38. Rd8+ Kg7 39. Kf4 Rh2 40. Kg3
Rd2 41. Rf1 a5 42. Rf3 a4 43. h4 Nd3 44. d6 a3 45. Ra8 Ne5 46. Rfxa3 Rxd6 47.
h5 Nc4 48. R3a6 Rd3+ 49. Kf4 h6 50. Re8 Nd2 51. Raa8 Kf6 52. Ra6+ Kg7 53. Rea8
Rf3+ 54. Ke5 Re3+ 55. Kd6 Ne4+ 56. Ke5 Nf6+ 57. Kf5 Rf3+ 1/2-1/2

[Event "SR 4. liga A21 2014/2015"]
[Site "?"]
[Date "2014.11.23"]
[Round "4.2"]
[White "Skapik, Branislav"]
[Black "Orvisky, Vladimir"]
[Result "0-1"]
[WhiteElo "1822"]
[BlackElo "1800"]
[PlyCount "59"]
[EventDate "2014.??.??"]

1. Nf3 Nf6 2. g3 g6 3. Bg2 Bg7 4. O-O O-O 5. d4 d5 6. Nbd2 c6 7. b3 Bf5 8. Nh4
Bd7 9. Bb2 Qc8 10. e4 dxe4 11. Nxe4 Nxe4 12. Bxe4 c5 13. Rb1 Rd8 14. Qf3 Nc6
15. dxc5 Bxb2 16. Rxb2 Nd4 17. Qe3 Bc6 18. c3 Ne6 19. b4 a5 20. f4 axb4 21. f5
bxc3 22. fxe6 Qxe6 23. Qxc3 Qxe4 24. Qf3 Qd4+ 25. Qf2 Qc3 26. Nf3 Bxf3 27. Qxf3
Qxb2 28. Qxf7+ Kh8 29. Qxe7 Qd4+ 30. Kg2 0-1

[Event "SR 4. liga A21 2014/2015"]
[Site "?"]
[Date "2014.11.23"]
[Round "4.2"]
[White "Sedlak, Rastislav"]
[Black "Sadlon, Matus"]
[Result "0-1"]
[WhiteElo "1754"]
[BlackElo "1591"]
[PlyCount "80"]
[EventDate "2014.??.??"]

1. e4 e5 2. Nf3 Nc6 3. Bb5 a6 4. Ba4 Nf6 5. O-O b5 6. Bb3 Be7 7. Re1 O-O 8. c3
d6 9. h3 Na5 10. Bc2 c5 11. d4 cxd4 12. cxd4 Qc7 13. d5 Bd7 14. Bd3 Rfc8 15.
Be3 Nc4 16. Qb3 Nxe3 17. Rxe3 Qc5 18. Nbd2 Nh5 19. Ree1 Nf4 20. Bf1 Bd8 21. Qe3
Bb6 22. Qxc5 Rxc5 23. Rac1 Rac8 24. Nb3 Rc2 25. Rxc2 Rxc2 26. Nbd2 h5 27. Rb1
g5 28. Nb3 Rxf2 29. Kh1 Nxh3 30. gxh3 Rxf3 31. Bg2 Rf2 32. Nc1 Bd4 33. Nd3 Rd2
34. Ne1 g4 35. hxg4 Bxg4 36. Nf3 Rxb2 37. Rc1 Be3 38. Re1 Bf4 39. Kg1 Rxa2 40.
Nh4 Bg3 0-1

[Event "SR 4. liga A21 2014/2015"]
[Site "?"]
[Date "2014.11.23"]
[Round "4.2"]
[White "Brath, Zdeno"]
[Black "Nedorost, Lubomir"]
[Result "0-1"]
[WhiteElo "1500"]
[BlackElo "1707"]
[PlyCount "94"]
[EventDate "2014.??.??"]

1. e4 c5 2. Bc4 Nc6 3. Nf3 d6 4. d3 g6 5. Be3 Bg7 6. c3 Ne5 7. Nxe5 Bxe5 8. Qf3
Nf6 9. h3 Qa5 10. O-O b5 11. Bxf7+ Kxf7 12. d4 cxd4 13. cxd4 Qb4 14. dxe5 dxe5
15. b3 Bb7 16. Nd2 Bxe4 17. Nxe4 Qxe4 18. Qxe4 Nxe4 19. Rac1 a5 20. Kh2 Rac8
21. f4 Rxc1 22. Bxc1 exf4 23. Rxf4+ Nf6 24. a3 Rc8 25. Bd2 Ra8 26. a4 b4 27.
Rc4 Rd8 28. Bg5 Rd5 29. Bxf6 Kxf6 30. Kg1 Rf5 31. Rc6+ e6 32. Ra6 h5 33. h4 Re5
34. Kf2 Kf5 35. Kf3 g5 36. hxg5 Kxg5 37. Ra8 Rf5+ 38. Ke4 Kg4 39. Rg8+ Rg5 40.
Re8 Kg3 41. Rxe6 Kxg2 42. Kf4 Rg4+ 43. Kf5 Kf3 44. Re5 h4 45. Rd5 Rg3 46. Rd3+
Kf2 47. Rd4 h3 0-1

[Event "SR 4. liga A21 2014/2015"]
[Site "?"]
[Date "2014.11.23"]
[Round "4.3"]
[White "Vepy, Ivan"]
[Black "Kubis, Ivan"]
[Result "1/2-1/2"]
[WhiteElo "1923"]
[BlackElo "1991"]
[PlyCount "59"]
[EventDate "2014.??.??"]

1. e4 e5 2. Nc3 Nf6 3. Nf3 Nc6 4. a3 d5 5. exd5 Nxd5 6. Nxd5 Qxd5 7. d3 Bg4 8.
Be2 O-O-O 9. c4 Qd7 10. Be3 f5 11. Qa4 a6 12. Rd1 Be7 13. b4 Bxf3 14. Bxf3 Nd4
15. Qxd7+ Rxd7 16. Bd5 Rd6 17. Bxd4 exd4 18. O-O c6 19. Rfe1 Kd7 20. Bf3 Bf6
21. Re2 Re8 22. Rxe8 Kxe8 23. Re1+ Kd7 24. Kf1 Re6 25. a4 Rxe1+ 26. Kxe1 b5 27.
axb5 axb5 28. c5 Bg5 29. Kd1 h6 30. h3 1/2-1/2

[Event "SR 4. liga A21 2014/2015"]
[Site "?"]
[Date "2014.11.23"]
[Round "4.3"]
[White "Bilovsky, Milan"]
[Black "Vogl, Zdenek"]
[Result "0-1"]
[WhiteElo "1921"]
[BlackElo "1909"]
[PlyCount "72"]
[EventDate "2014.??.??"]

1. e4 e5 2. Nf3 Nc6 3. Bc4 Be7 4. a3 Nf6 5. d3 O-O 6. O-O a6 7. Nc3 d6 8. h3
Nd4 9. Nxd4 exd4 10. Ne2 c5 11. c3 dxc3 12. bxc3 b5 13. Bb3 Bb7 14. Ng3 Qc7 15.
Bc2 d5 16. Qe2 dxe4 17. dxe4 Rfe8 18. Nf5 Bf8 19. f3 Qe5 20. Qe3 Rad8 21. Bd2
Bc8 22. Rfe1 Bxf5 23. exf5 Qc7 24. Qf2 c4 25. Rxe8 Rxe8 26. Re1 Bxa3 27. Rxe8+
Nxe8 28. Qe2 Bc5+ 29. Kh1 Qe7 30. Be4 Nd6 31. g4 Qe5 32. Kg2 Nxe4 33. fxe4 Bd6
34. Kf1 Qg3 35. Be3 Qxh3+ 36. Ke1 Qh1+ 0-1

[Event "SR 4. liga A21 2014/2015"]
[Site "?"]
[Date "2014.11.23"]
[Round "4.3"]
[White "Hrubsa, Marian"]
[Black "Brunovsky, Peter"]
[Result "1-0"]
[WhiteElo "1826"]
[BlackElo "1869"]
[PlyCount "81"]
[EventDate "2014.??.??"]

1. e4 c6 2. d4 d5 3. Nc3 dxe4 4. Nxe4 Nf6 5. Ng3 g6 6. Nf3 Bg7 7. Bc4 O-O 8.
O-O Nbd7 9. c3 b6 10. Re1 Bb7 11. Bg5 Rc8 12. Qd2 Re8 13. Bh6 e6 14. Bxg7 Kxg7
15. Ng5 Nf8 16. Re2 h6 17. Nf3 N8d7 18. Rae1 c5 19. Ne5 cxd4 20. Nxf7 Kxf7 21.
Bxe6+ Kg7 22. cxd4 Ra8 23. Qf4 Nf8 24. d5 Nxe6 25. dxe6 Qe7 26. Rc2 Rac8 27.
Rd2 Red8 28. Rde2 Rc7 29. h4 h5 30. Qg5 Kh7 31. Kh1 Rc5 32. Qf4 Rcd5 33. Rc2
Rc8 34. Rce2 Rdc5 35. Rd2 Rc4 36. Qe5 Rc1 37. Rdd1 Rxd1 38. Rxd1 Rc7 39. Ne2
Ng4 40. Qxc7 Bxg2+ 41. Kxg2 1-0

[Event "SR 4. liga A21 2014/2015"]
[Site "?"]
[Date "2014.11.23"]
[Round "4.3"]
[White "Zajicek, Ferdinand"]
[Black "Planka, Peter"]
[Result "0-1"]
[WhiteElo "1836"]
[BlackElo "1764"]
[PlyCount "56"]
[EventDate "2014.??.??"]

1. e4 e5 2. Nf3 Nc6 3. Bc4 Bc5 4. Nc3 Nf6 5. h3 d6 6. a3 Be6 7. Ba2 Bxa2 8.
Rxa2 O-O 9. d3 h6 10. Be3 Bb6 11. O-O Nh7 12. Qd2 f5 13. Bxb6 axb6 14. exf5
Rxf5 15. Ne4 Rxf3 16. gxf3 Qh4 17. Kg2 d5 18. Ng3 Ng5 19. Rh1 Rf8 20. c3 Rxf3
21. Qe2 e4 22. dxe4 dxe4 23. Nxe4 Ne5 24. Ng3 Nd3 25. Qe8+ Rf8 26. Qe3 Rxf2+
27. Qxf2 Nxf2 28. Kxf2 Ne4+ 0-1

[Event "SR 4. liga A21 2014/2015"]
[Site "?"]
[Date "2014.11.23"]
[Round "4.3"]
[White "Baumgartner, Milan"]
[Black "Kastler, Peter"]
[Result "0-1"]
[WhiteElo "1585"]
[BlackElo "1757"]
[PlyCount "52"]
[EventDate "2014.??.??"]

1. a3 d5 2. d4 e6 3. Nf3 Nf6 4. Bg5 Be7 5. e3 Nbd7 6. Bd3 b6 7. Nbd2 Bb7 8. O-O
Rc8 9. Re1 O-O 10. b4 Ne4 11. Bxe7 Qxe7 12. c4 c5 13. Qc2 f5 14. g3 Nxd2 15.
Nxd2 Nf6 16. f4 Ne4 17. Nf3 dxc4 18. Bxc4 cxb4 19. axb4 b5 20. Bxe6+ Qxe6 21.
Qb2 a6 22. Ne5 Qd5 23. Qa2 Qxa2 24. Rxa2 Rc7 25. Rd1 Rfc8 26. Nd3 Nc3 0-1

[Event "SR 4. liga A21 2014/2015"]
[Site "?"]
[Date "2014.11.23"]
[Round "4.4"]
[White "Podjavorinsky, Michal"]
[Black "Lajda, Dusan"]
[Result "1/2-1/2"]
[WhiteElo "1736"]
[BlackElo "1853"]
[PlyCount "120"]
[EventDate "2014.??.??"]

1. d4 d5 2. e4 dxe4 3. Nc3 Nf6 4. f3 e3 5. Bxe3 e6 6. Bc4 Bb4 7. Nge2 Nd5 8.
Bf2 O-O 9. O-O Nxc3 10. Nxc3 Bxc3 11. bxc3 Nd7 12. f4 b6 13. Bd3 Bb7 14. Qh5
Nf6 15. Qh3 Qd5 16. Rae1 Qh5 17. Bh4 Qg4 18. Re3 Qxh3 19. Rxh3 Ne4 20. Re1 f5
21. Bc4 Bd5 22. Bb3 b5 23. Rhe3 g6 24. Be7 Rf7 25. Bc5 c6 26. g4 Rg7 27. g5 h6
28. gxh6 Rh7 29. Rh3 Kf7 30. a4 a6 31. Ra1 Kf6 32. axb5 cxb5 33. Bb4 g5 34.
fxg5+ Nxg5 35. Rg3 Nf3+ 36. Kf2 $11 Nxh2 37. Bxd5 exd5 38. Re1 Ng4+ 39. Kf3
Rxh6 40. Be7+ Kf7 41. Bg5 Re6 42. Rxe6 Kxe6 43. Rg2 Nf6 44. Rh2 Rg8 45. Bxf6
Kxf6 46. Rh6+ Rg6 47. Rh7 Kg5 48. Rc7 Rd6 49. Rg7+ Kf6 50. Rc7 Re6 51. Kf4 $11
Re4+ 52. Kf3 f4 53. Rc5 Ke6 54. Rc8 Kd7 55. Rc5 Ke6 56. Rc8 a5 57. Rc5 a4 58.
Rxb5 Re3+ 59. Kxf4 Rxc3 60. Ra5 a3 1/2-1/2

[Event "SR 4. liga A21 2014/2015"]
[Site "?"]
[Date "2014.11.23"]
[Round "4.4"]
[White "Bjel, Jan"]
[Black "Miciak, Emanuel"]
[Result "0-1"]
[WhiteElo "1823"]
[BlackElo "1882"]
[PlyCount "116"]
[EventDate "2014.??.??"]

1. e4 e5 2. Nf3 Nc6 3. Bb5 a6 4. Ba4 Nf6 5. O-O Be7 6. Re1 b5 7. Bb3 O-O 8. c3
d5 9. d3 dxe4 10. dxe4 Bg4 11. Bg5 Qxd1 12. Bxd1 h6 13. Bh4 Rad8 14. Nbd2 Rd7
15. Nb3 g5 16. Bg3 Rfd8 17. h3 Bh5 18. Bh2 Nxe4 19. g4 Bg6 20. Nxe5 Nxe5 21.
Bxe5 Nc5 22. Nxc5 Bxc5 23. Bf6 Rb8 24. Bf3 Rd2 25. Re2 Rxe2 26. Bxe2 Rb6 27.
Bd4 Bxd4 28. cxd4 Rd6 29. Rd1 Be4 30. f3 Bd5 31. a3 Rc6 32. Rd2 Kf8 33. Kf2 Ke7
34. Bd3 Kd6 35. Rc2 Rxc2+ 36. Bxc2 c5 37. dxc5+ Kxc5 38. Ke3 a5 39. b3 b4 40.
a4 f6 41. Bd1 Bf7 42. Bc2 Kd5 43. Bd3 Ke5 44. Bc2 Be6 45. Bd1 f5 46. Bc2 f4+
47. Kd3 Bf7 48. Bd1 Kd5 49. Bc2 Ke5 50. Bd1 Bd5 51. Ke2 Kd4 52. Kd2 Be6 53. Bc2
Bc8 54. Bd3 $11 Bb7 55. Be2 Bc6 56. Bd1 Bd5 57. h4 gxh4 58. Ke2 Kc3 0-1

[Event "SR 4. liga A21 2014/2015"]
[Site "?"]
[Date "2014.11.23"]
[Round "4.4"]
[White "Smrek, Peter"]
[Black "Krchnak, Rudolf"]
[Result "0-1"]
[WhiteElo "1831"]
[BlackElo "1796"]
[PlyCount "72"]
[EventDate "2014.??.??"]

1. c4 f5 2. d4 Nf6 3. Nc3 g6 4. g3 Bg7 5. Bg2 O-O 6. e4 fxe4 7. Nge2 d6 8. O-O
c6 9. d5 c5 10. Nxe4 Nxe4 11. Bxe4 Nd7 12. f4 Nf6 13. Bg2 Bf5 14. Nc3 Qd7 15.
Re1 Rae8 16. Be3 Ng4 17. Kh1 Nxe3 18. Rxe3 Bd4 19. Re1 b6 20. Qd2 Bg7 21. Ne4
h6 22. Nf2 Kh7 23. h3 Qc8 24. g4 Bd7 25. Be4 Bd4 26. Qc2 Rf6 27. Re2 e5 28. g5
hxg5 29. fxg5 Rf5 30. Ng4 Kg7 31. Nf6 Rh8 32. Nxd7 Rxg5 33. Nxb6 Rxh3+ 34. Rh2
axb6 35. Qa4 Rxh2+ 36. Kxh2 Qh8# 0-1

[Event "SR 4. liga A21 2014/2015"]
[Site "?"]
[Date "2014.11.23"]
[Round "4.4"]
[White "Bjel, Tomas"]
[Black "Podjavorinsky, Peter"]
[Result "0-1"]
[WhiteElo "1643"]
[BlackElo "1707"]
[PlyCount "38"]
[EventDate "2014.??.??"]

1. e4 e5 2. Nf3 Nf6 3. Nc3 Nc6 4. Bb5 d6 5. d4 exd4 6. Nxd4 Bd7 7. O-O Be7 8.
f4 O-O 9. Bxc6 bxc6 10. b3 c5 11. Nf3 Bc6 12. e5 dxe5 13. Nxe5 Bb7 14. Ba3 Re8
15. Na4 Ne4 16. Qh5 Qd4+ 17. Kh1 Nf2+ 18. Kg1 Nh3+ 19. Kh1 Qg1+ 0-1

[Event "SR 4. liga A21 2014/2015"]
[Site "?"]
[Date "2014.11.23"]
[Round "4.4"]
[White "Madzo, Anton"]
[Black "Kosiarcik, Maximilian"]
[Result "0-1"]
[WhiteElo "1582"]
[BlackElo "1437"]
[PlyCount "88"]
[EventDate "2014.??.??"]

1. c4 e5 2. e4 Nf6 3. d3 Bc5 4. h3 Nc6 5. Nf3 d6 6. Be2 Be6 7. Bg5 h6 8. Bxf6
Qxf6 9. Nc3 Qg6 10. g3 f5 11. a3 a5 12. Qd2 a4 13. Bd1 fxe4 14. Nxe4 Bb6 15.
Nc3 O-O 16. Nh4 Qf7 17. Rh2 d5 18. cxd5 Bxd5 19. Nxa4 Rxa4 20. Bxa4 g5 21. Bxc6
Bxc6 22. O-O-O Qa2 23. Qc2 Bd4 24. Qc4+ Qxc4+ 25. dxc4 gxh4 26. Rd2 hxg3 27.
fxg3 Be3 28. Kc2 Bxd2 29. Kxd2 Rf3 30. g4 Kg7 31. h4 Rg3 32. g5 hxg5 33. hxg5
Rxg5 34. Kc3 Rg3+ 35. Kb4 Rg2 36. Rxg2+ Bxg2 37. Kc3 Kf7 38. c5 Ke6 39. Kd3 Kd5
40. b4 e4+ 41. Kc3 c6 42. a4 Bf3 43. a5 Bg2 44. Kb3 Kd4 0-1

[Event "SR 4. liga A21 2014/2015"]
[Site "?"]
[Date "2014.11.23"]
[Round "4.5"]
[White "Bango, Lukas"]
[Black "Harastova, Viera"]
[Result "1/2-1/2"]
[WhiteElo "1917"]
[BlackElo "1876"]
[PlyCount "101"]
[EventDate "2014.??.??"]

1. c4 e5 2. Nc3 Nf6 3. g3 c6 4. d4 exd4 5. Qxd4 d5 6. Bg2 Be6 7. cxd5 Nxd5 8.
Nxd5 Bxd5 9. Bxd5 Qxd5 10. Qxd5 cxd5 11. Nf3 Bc5 12. O-O Nc6 13. Re1 Rd8 14. a3
O-O 15. b4 Bb6 16. Bb2 Rfe8 17. e3 f6 18. Re2 Rd7 19. Rd1 Red8 20. Nd4 Nxd4 21.
Bxd4 Bxd4 22. Rxd4 Kf7 23. Kf1 Ke6 24. Rc2 Rd6 25. Rc7 R8d7 26. Rxd7 Rxd7 27.
Ke2 Rc7 28. Kd2 b5 29. Rd3 Rc4 30. Rc3 Ke5 31. f3 f5 $11 32. Kd3 g5 33. Rc2 f4
34. exf4+ gxf4 35. Re2+ Kf6 36. Re8 fxg3 37. hxg3 d4 38. Rf8+ Kg7 39. Rf5 Rc3+
40. Kxd4 Rxa3 41. Rxb5 Rxf3 42. Rb7+ Kg6 43. Rxa7 Rxg3 44. b5 Rb3 45. Rb7 h5
46. Rb8 h4 47. Kc4 Rb2 48. Rg8+ Kf5 49. Kc5 h3 50. Rh8 h2 51. b6 1/2-1/2

[Event "SR 4. liga A21 2014/2015"]
[Site "?"]
[Date "2014.11.23"]
[Round "4.5"]
[White "Zlamal, Marek"]
[Black "Mackovic, Matus"]
[Result "0-1"]
[WhiteElo "1671"]
[BlackElo "1949"]
[PlyCount "82"]
[EventDate "2014.??.??"]

1. d4 Nf6 2. Nc3 d5 3. f3 Bf5 4. e3 e6 5. Bd3 Bxd3 6. cxd3 c5 7. dxc5 Bxc5 8.
d4 Be7 9. Nge2 Nc6 10. O-O O-O 11. Bd2 a6 12. Na4 Nd7 13. Rc1 Rc8 14. a3 Nb6
15. Nc5 Bxc5 16. dxc5 Nc4 17. Qc2 Qe7 18. b3 Nxa3 19. Qb2 Nb5 20. Nc3 Qxc5 21.
Na4 Qe7 22. Rc5 Nd6 23. Rfc1 f6 24. Nb6 Rcd8 25. Qa3 Nc8 26. Nxc8 Rxc8 27. Bb4
Qe8 28. Rxc6 Rxc6 29. Rxc6 bxc6 30. Bxf8 Qxf8 31. Qxa6 $11 Qd6 32. h4 Qc7 33.
Qa8+ Kf7 34. Qh8 h6 35. Qh7 Qg3 36. Qb1 Qxh4 37. Qc1 Qb4 38. Qxc6 Qe1+ 39. Kh2
Qxe3 40. b4 Qf4+ 41. Kg1 Qxb4 0-1

[Event "SR 4. liga A21 2014/2015"]
[Site "?"]
[Date "2014.11.23"]
[Round "4.5"]
[White "Mackovic, Miroslav"]
[Black "Antalek, Rudolf"]
[Result "1-0"]
[WhiteElo "1846"]
[BlackElo "1532"]
[PlyCount "71"]
[EventDate "2014.??.??"]

1. e4 c5 2. Nf3 d6 3. d4 cxd4 4. Nxd4 Nf6 5. Nc3 a6 6. Be2 e6 7. Be3 Be7 8. f4
Nc6 9. Bf3 Qc7 10. O-O O-O 11. Qd2 Nxd4 12. Bxd4 Nd7 13. Qf2 b5 14. a3 Bb7 15.
Rad1 Rac8 16. g4 Qa5 17. h4 b4 18. axb4 Qxb4 19. g5 Qa5 20. Be3 Rc4 21. f5 exf5
22. exf5 Bxf3 23. Qxf3 Rxh4 24. Qg3 Rc4 25. f6 Bd8 26. Rf4 Rxf4 27. Bxf4 Qb6+
28. Kh2 Ne5 29. Nd5 Qxb2 30. fxg7 Kxg7 31. Ne3 Bc7 32. Rd2 Qb4 33. Nd5 Qa5 34.
Qh3 Ng6 35. Qh6+ Kh8 36. Nf6 1-0